000 00620nam a2200193Ia 4500
003 GCL
008 140319s9999 xx 000 0 ara d
040 _aGCL /
_cGCL
082 0 4 _aد
_b050
_bد هـ
245 1 0 _aمصر من نافذة قطار ( الهلال مارس 2004 )
260 _aالقاهرة :
_bدار الهلال للطباعة والنشر ،
_c2004
650 0 4 _aالقصص العربية القصيرة
650 0 4 _aالصحافة
650 0 4 _aصلاح جاهين
650 0 4 _aسيد درويش
650 0 4 _aلبنان - حزب الله
650 0 4 _aمعرض الكتاب
942 _2ddc
_cCR
999 _c7102
_d7102